Statistics for North American Team Names: Groups of Two

Click here to take the quiz!

General Stats

  • This quiz has been taken 179 times
    (175 since last reset)
  • The average score is 7 of 12

Answer Stats

LeagueTeam% Correct
NBAJazz
88%
NBA76ers
83%
NFL49ers
82%
MLBMarlins
72%
NBAHornets
65%
NHLSharks
57%
NHLBlues
54%
MLBDiamondbacks
51%
NBARaptors
51%
NFLBrowns
34%
NFLBills
32%
NHLBlue Jackets
18%

Score Distribution

Percentile by Number Answered

Percent of People with Each Score

Your Score History

You have not taken this quiz since the last reset